000 00217 a2200097 4500
001 32800
100 _aLevy, H
245 _aElementary mathematics
260 _aLondon
_bThomas Nelson & Son
_c
090 _c21968
_d21968
942 _aNUST-CAE
_cM
_c13300
999 _c267873
_d267873